La alegría de crear: estrategias para enriquecer la vida escolar con actividades creativas

Este libro incluye las recomendaciones para los docentes que lideran la enseñanza creativa, lo que requiere dicho trabajo, el perfil del maestro y las características del ser creativo.

Gespeichert in:
Bibliographische Detailangaben
1. Verfasser: Triana de Riveros, Blanca Isabel
Format: Buch
Sprache:Spanish
Veröffentlicht: Bogotá: Cooperativa Editorial Magisterio, 1999
Schriftenreihe:Colección aula alegre
Schlagworte:
Online Zugang:Enlace del recurso
Tags: Tag hinzufügen
Keine Tags, Fügen Sie den ersten Tag hinzu!

MARC

LEADER 00000nam a2200000 a 4500
001 000740
008 030402s1999 ck a fr# #000|0#spa#d
020 |a 958-20-0471-1 
041 0 |a spa 
043 |a s-ck--- 
082 0 4 |a 371.3  |b T631 
100 1 |a Triana de Riveros, Blanca Isabel 
245 1 3 |a La alegría de crear:  |b estrategias para enriquecer la vida escolar con actividades creativas   |c Blanca Isabel Triana de Riveros 
260 |a Bogotá:  |b Cooperativa Editorial Magisterio,  |c 1999 
300 |a 172 p.:  |b il., gráf., tabl. 
440 0 |a Colección aula alegre 
504 |a Incluye bibliografía. 
520 3 |a Este libro incluye las recomendaciones para los docentes que lideran la enseñanza creativa, lo que requiere dicho trabajo, el perfil del maestro y las características del ser creativo. 
650 1 4 |a MÉTODOS DE ENSEÑANZA 
650 1 4 |a ACTIVIDADES CREATIVAS Y TRABAJO DE CLASE 
999 |c 2892  |d 2892 
856 |u https://catalogo.idep.edu.co/cgi-bin/koha/opac-detail.pl?biblionumber=2892  |z Enlace del recurso